000 00683nam a2200205 i 4500
001 bg
003 BPK
005 20200331124111.0
008 s pl f |000 0 pol
040 _cBPK
041 _apl
245 0 _aKatalog Nakładów Rzeczowych nr 2-13 :
_bkonstrukcje budowli wodnych śródlądowych /
_cMinisterstwo Budownictwa, Gospodarki Przestrzennej i Komunalnej.
250 _aWyd.3.
254 _aKNR2-13
260 _aWarszawa :
_bWydawnictwa Akcydensowe,
_c1986.
650 9 _aHydrotechnika
655 _aKatalog
942 _cKA
_2udc
856 _uhttp://koha.tu.koszalin.pl/cgi-bin/koha/opac-detail.pl?biblionumber=10067
_yKatalog online BPK
999 _c10067
_d10067